Obras completas.
Збережено в:
| Автор: | |
|---|---|
| Інші автори: | , , , |
| Формат: | Книга |
| Мова: | Англійська |
| Опубліковано: |
Buenos Aires, Argentina:
Librería El Ateneo,
1957.
|
| Редагування: | Tercera edición. |
| Серія: | Colección Clásicos Inolvidables.
|
| Предмети: | |
| Теги: |
Додати тег
Немає тегів, Будьте першим, хто поставить тег для цього запису!
|
MARC
| LEADER | 00000nam a22000007a 4500 | ||
|---|---|---|---|
| 003 | CL-VaPUC | ||
| 005 | 20230816110522.0 | ||
| 008 | 220712b ||||| |||| 00| 0 eng d | ||
| 999 | |c 436899 |d 436897 | ||
| 040 | |c Pontificia Universidad Católica de Valparaíso | ||
| 082 | |2 22 |a 882.01 ESQ 1957 | ||
| 100 | |a Esquilo |9 269410 |e autor | ||
| 245 | |a Obras completas. | ||
| 250 | |a Tercera edición. | ||
| 260 | |a Buenos Aires, Argentina: |b Librería El Ateneo, |c 1957. | ||
| 300 | |a 775 páginas. | ||
| 490 | |a Colección Clásicos Inolvidables. |n | ||
| 500 | |a c.1 Donación Familia Prof. Alejandro Guzmán Brito. | ||
| 583 | |c 20220712 |k Yessy Sthefany Diaz Vidal | ||
| 650 | 0 | |a Tragedia griega |9 265362 | |
| 650 | 0 | |a Literatura griega clásica |9 435497 | |
| 700 | |a Sófocles |e autor |9 269407 | ||
| 700 | |a Girad, P. |9 872642 |e prólogo | ||
| 700 | |a Brieva Salvatierra, Fernando F. |9 872643 |e traducción textos de Esquilo | ||
| 700 | |a Alemany y Bolufer, José |9 542447 |e traducción textos de Sófocles | ||
| 942 | |2 ddc |c BK |n 0 | ||
| 952 | |0 0 |1 0 |2 ddc |4 0 |6 882_010000000000000_ESQ_1957 |7 0 |8 C_AGB |9 584628 |a BIBDER |b BIBDER |d 2022-07-12 |e Donación |i 5652659 |o 882.01 ESQ 1957 |p 5652659 |r 2023-01-25 |t 1 |w 2022-07-12 |y BK_US |k AGB | ||